| 000 | 00776nam a2200217 a 4500 | ||
|---|---|---|---|
| 001 | BRCA_8983 | ||
| 005 | 20190320210500.0 | ||
| 008 | 110717s1778----it-#######---#000-0#lat-# | ||
| 041 | _alat | ||
| 044 | _ait | ||
| 084 |
_aCO81 _b.M36 1778 |
||
| 100 | 1 |
_aMamachi, Tommaso Maria _d1713 - 1792 _922299 |
|
| 245 | 1 | 0 |
_aFr. Thomae Mariae Mamachi Ord. Praedicator. Theol. Casanatensis Epistolarum ad Justinum Febronium jurisconsultum _bliber III |
| 260 |
_aRomae _bTypis Generosi Salomoni _c1778 |
||
| 300 |
_a542 p. XXIV, (t.3) _c21 x 14.2 cm |
||
| 500 | _aSuperiorum Facultate | ||
| 500 | _aEstado físico: presenta encuadernación en pergamino con presencia del pez de plata | ||
| 650 | 1 | 4 |
_aIglesia y estado _yObras anteriores a 1800 _921950 |
| 902 | _aCFM | ||
| 942 |
_2lcc _cB |
||
| 999 |
_c8634 _d8634 |
||